How to be a success in life. (Record no. 12626)

000 -LEADER
fixed length control field 00922nam a2200241 a 4500
001 - CONTROL NUMBER
control field :::00010435$&:&@@
003 - CONTROL NUMBER IDENTIFIER
control field OkBaRHE
005 - DATE AND TIME OF LATEST TRANSACTION
control field 20110406124749.0
008 - FIXED-LENGTH DATA ELEMENTS--GENERAL INFORMATION
fixed length control field s1982 j 000 0 eng u
020 ## - INTERNATIONAL STANDARD BOOK NUMBER
International Standard Book Number 0892767138
040 ## - CATALOGING SOURCE
Transcribing agency
100 1# - MAIN ENTRY--PERSONAL NAME
Personal name Hagin, Kenneth W., 1939-
245 10 - TITLE STATEMENT
Title How to be a success in life.
260 ## - PUBLICATION, DISTRIBUTION, ETC. (IMPRINT)
Place of publication, distribution, etc Tulsa, OK., :
Name of publisher, distributor, etc RHEMA Bible Church
Date of publication, distribution, etc c1982
300 ## - PHYSICAL DESCRIPTION
Extent 31 p. ;
Dimensions 14 cm.
650 ## - SUBJECT ADDED ENTRY--TOPICAL TERM
Topical term or geographic name as entry element Christian Life
650 ## - SUBJECT ADDED ENTRY--TOPICAL TERM
Topical term or geographic name as entry element Success
9 (RLIN) 44
942 ## - ADDED ENTRY ELEMENTS (KOHA)
Source of classification or shelving scheme
Koha item type Books
Copies
Current Location Lost status Source of classification or shelving scheme Date last seen Full call number Not for loan Permanent Location Date acquired Damaged status Koha item type Price effective from Shelving location Withdrawn status Copy number Barcode
RHEMA Bible Training College  2011-09-28BV 4501 .H355 RHEMA Bible Training College2010-04-14 Books2010-04-14General Stacks 110435
RHEMA Bible Training College  2010-04-14BV 4501 .H355 RHEMA Bible Training College2010-04-14 Books2010-04-14General Stacks 214864
RHEMA Bible Training College  2011-10-12BV 4501 .H355 RHEMA Bible Training College2011-04-06 Books2011-04-06General Stacks 314008
RHEMA Bible Training College  2011-10-13BV 4501 .H355 RHEMA Bible Training College2011-04-06 Books2011-04-06General Stacks 400021609